00700nam a2200217Ia 450000500170000000800410001702000240005804000190008204100120010108200160011310000170012924500500014626000480019630000160024450400500026065000360031085000100034694200070035699900160036395201030037920230629105313.0131103s9999 xx 000 0 und d a521292131c4.95 pds aLoreto College aEnglish a942.06bWOR aWorden,Blair 4aThe Rump parliament 1648 - 1653cBlair Worden aCambridgebCambridge University Pressc1977 axii,427 p.  aIncludes bibliographical references and index aEngland - History - 1648 - 1653 aLCLIB cBK c8404d58883 00102ddc4070aMAINbMAINd2013-11-04l0o942.06 WOR 24803pB8277r2013-11-04w2013-11-04yBKf